[Event "TCh-GEO Club 2016"]
[Site "Lagodekhi GEO"]
[Date "2016.09.22"]
[Round "1.1"]
[Board "1"]
[White "Tutisani, Noe"]
[Black "Pantsulaia, Levan"]
[Result "0-1"]
[BlackTitle "GM"]
[WhiteElo "2375"]
[BlackElo "2601"]
[WhiteTeam "Imereti - Kutaisi"]
[BlackTeam "Tbilisi"]
[WhiteFideId "13602853"]
[BlackFideId "13602071"]
[EventDate "2016.09.22"]

1. e4 c5 2. Nf3 e6 3. d4 cxd4 4. Nxd4 a6 5. Nc3 b5 6. Bd3 Qb6 7. Nb3 Qc7 8. O-O
Nf6 9. f4 b4 10. Ne2 Bb7 11. e5 Nd5 12. Ng3 a5 13. Kh1 Be7 14. Be4 g6 15. Nd4
Na6 16. Nb5 Qb6 17. c4 bxc3 18. Nxc3 Nac7 19. Na4 Qa7 20. Bd2 Bc6 21. Nc3 O-O
22. f5 Qd4 23. f6 Bc5 24. Qc1 Rfb8 25. Re1 a4 26. Bxd5 Nxd5 27. Nge4 a3 28. b3
Bf8 29. Bh6 Nxc3 30. Nxc3 Bxg2+ 31. Kxg2 Qg4+ 32. Kh1 Qf3+ 33. Kg1 Bc5+ 34. Re3
Rb4 35. h3 Rh4 36. Ne4 Bxe3+ 0-1

[Event "TCh-GEO Club 2016"]
[Site "Lagodekhi GEO"]
[Date "2016.09.22"]
[Round "1.1"]
[Board "2"]
[White "Janjghava, Lasha"]
[Black "Khapava, Nikoloz"]
[Result "1-0"]
[WhiteTitle "GM"]
[WhiteElo "2469"]
[BlackElo "1622"]
[WhiteTeam "Tbilisi"]
[BlackTeam "Imereti - Kutaisi"]
[WhiteFideId "13600087"]
[BlackFideId "13606956"]
[EventDate "2016.09.22"]

1. d4 g6 2. e4 Bg7 3. c4 d6 4. Nc3 Nc6 5. Nge2 e5 6. Be3 exd4 7. Nxd4 Nxd4 8.
Bxd4 Nf6 9. Be2 O-O 10. O-O Re8 11. f3 c6 12. Qd2 d5 13. exd5 cxd5 14. c5 a6 15.
Rfd1 Be6 16. Bf1 Qc7 17. b4 Rad8 18. Rac1 Nh5 19. Ne2 Be5 20. Bxe5 Qxe5 21. Qd4
Qb8 22. Nc3 Ng7 23. Bd3 b5 24. a4 bxa4 25. Nxa4 Bf5 26. Bxa6 Ne6 27. Qd2 Nf4 28.
Kh1 Re6 29. c6 Qc7 30. b5 Re2 31. b6 Rxd2 32. bxc7 Rxd1+ 33. Rxd1 Ra8 34. Nc5
Re8 1-0

[Event "TCh-GEO Club 2016"]
[Site "Lagodekhi GEO"]
[Date "2016.09.22"]
[Round "1.1"]
[Board "3"]
[White "Khvadagiani, Nika"]
[Black "Sturua, Zurab"]
[Result "0-1"]
[BlackTitle "GM"]
[WhiteElo "2029"]
[BlackElo "2546"]
[WhiteTeam "Imereti - Kutaisi"]
[BlackTeam "Tbilisi"]
[WhiteFideId "13611453"]
[BlackFideId "13600095"]
[EventDate "2016.09.22"]

1. Nf3 d5 2. d4 Bf5 3. g3 e6 4. Bg2 Nd7 5. O-O c6 6. Nbd2 h6 7. Re1 Ngf6 8. c3
Be7 9. b3 O-O 10. Bb2 a5 11. Ne5 Nxe5 12. dxe5 Nd7 13. c4 Nc5 14. Ba3 Qb6 15.
cxd5 exd5 16. e4 dxe4 17. Qe2 Rfe8 18. Nxe4 Bxe4 19. Bxc5 Bxc5 20. Bxe4 Rxe5 21.
Qc2 Rae8 22. Bh7+ Kf8 23. Rxe5 Rxe5 24. Bd3 Qd8 25. Rf1 h5 26. Be4 h4 27. Bg2 g6
28. Qc1 Kg7 29. Qc3 Qf6 30. gxh4 Ba7 31. a4 Rf5 32. Qg3 Kh6 33. Be4 Rf4 34. Qg5+
Qxg5+ 35. hxg5+ Kxg5 36. Bd3 Rf3 37. Bc4 f5 38. Kg2 Kf4 39. h4 Bc5 40. Bf7 Rc3
41. Bxg6 Rxb3 42. Be8 Rb4 43. h5 Kg5 44. Rg1 Rxa4 45. Kf3+ Rg4 46. Rb1 Rf4+ 47.
Kg3 Bd6 48. Kg2 Rb4 49. Rd1 Be5 50. Re1 Bf6 51. Re3 Re4 52. Rxe4 fxe4 53. Kf1 a4
54. Ke2 a3 55. Bf7 Bd4 56. Bb3 Kxh5 57. f3 e3 58. Kd3 Kg5 59. Bc4 Kf4 60. Kxd4 0-1

[Event "TCh-GEO Club 2016"]
[Site "Lagodekhi GEO"]
[Date "2016.09.22"]
[Round "1.1"]
[Board "4"]
[White "Gvetadze, Sofio"]
[Black "Arabidze, Meri"]
[Result "0-1"]
[WhiteTitle "IM"]
[BlackTitle "IM"]
[WhiteElo "2276"]
[BlackElo "2374"]
[WhiteTeam "Tbilisi"]
[BlackTeam "Imereti - Kutaisi"]
[WhiteFideId "13601440"]
[BlackFideId "13604040"]
[EventDate "2016.09.22"]

1. e4 e5 2. Nf3 Nc6 3. c3 Nf6 4. d4 Nxe4 5. d5 Bc5 6. dxc6 Bxf2+ 7. Ke2 Bb6 8.
Qd5 Nf2 9. Bg5 f6 10. Nxe5 Qe7 11. cxd7+ Bxd7 12. Qxd7+ Qxd7 13. Nxd7 Kxd7 14.
Be3 Nxh1 15. Bxb6 axb6 16. Na3 Ra5 17. g3 Re8+ 18. Kf3 Rf5+ 19. Kg2 Nf2 20. Kg1
Ng4 21. Nc4 Rh5 22. Rd1+ Kc8 23. h4 Rf5 24. a4 h5 25. Bg2 Re2 26. b4 g5 27. b5
gxh4 28. gxh4 Rf4 29. Bd5 Nf2 30. Ra1 Nh3+ 31. Kh1 Rff2 0-1

[Event "TCh-GEO Club 2016"]
[Site "Lagodekhi GEO"]
[Date "2016.09.22"]
[Round "1.1"]
[Board "5"]
[White "Kokaia, Guram"]
[Black "Sibashvili, Giorgi"]
[Result "1/2-1/2"]
[BlackTitle "IM"]
[WhiteElo "2101"]
[BlackElo "2347"]
[WhiteTeam "Imereti - Kutaisi"]
[BlackTeam "Tbilisi"]
[WhiteFideId "13609599"]
[BlackFideId "13602799"]
[EventDate "2016.09.22"]

1. e4 e6 2. d4 d5 3. Nd2 Be7 4. c3 c5 5. Ngf3 cxd4 6. cxd4 dxe4 7. Nxe4 Nf6 8.
Bd3 Nxe4 9. Bxe4 Nd7 10. O-O Nf6 11. Bc2 O-O 12. Ne5 Qd5 13. Qd3 b6 14. Bd1 Bb7
15. Bf3 Ne4 16. Re1 f5 17. Bxe4 fxe4 18. Qh3 Rac8 19. Be3 Rc2 20. b3 Bf6 21.
Rec1 Rfc8 22. Rxc2 Rxc2 23. Qh5 g6 24. Qd1 Rc7 25. Qd2 Qa5 26. Qxa5 bxa5 27. Rc1
Rxc1+ 28. Bxc1 Bd5 29. Bd2 a4 30. bxa4 Bxa2 31. Bc3 Bg5 32. Kf1 Bb3 33. a5 Ba4
34. Ke1 Kf8 35. Bb4+ Ke8 36. g3 Bb5 37. Bc5 a6 38. h4 Bd8 39. Bb4 g5 40. h5 Bf6
41. Kd2 Bxe5 42. dxe5 1/2-1/2

[Event "TCh-GEO Club 2016"]
[Site "Lagodekhi GEO"]
[Date "2016.09.22"]
[Round "1.1"]
[Board "6"]
[White "Choladze, Mariami"]
[Black "Jalaghonia, Nino"]
[Result "0-1"]
[WhiteTitle "WFM"]
[BlackTitle "WFM"]
[WhiteElo "2032"]
[BlackElo "1902"]
[WhiteTeam "Tbilisi"]
[BlackTeam "Imereti - Kutaisi"]
[WhiteFideId "13600931"]
[BlackFideId "13605895"]
[EventDate "2016.09.22"]

1. e4 c5 2. Nf3 Nc6 3. d4 cxd4 4. Nxd4 Nf6 5. Nc3 d6 6. Bc4 e5 7. Nb3 h6 8. O-O
Be7 9. Qe2 O-O 10. Rd1 a6 11. a4 Bg4 12. f3 Be6 13. Be3 Qc7 14. Bxe6 fxe6 15.
Qc4 Qc8 16. a5 Na7 17. Qe2 Qc6 18. Ra4 Rfc8 19. Rb4 Nd7 20. Qf2 Nb5 21. Nxb5
axb5 22. Qf1 d5 23. exd5 exd5 24. Rxb5 d4 25. Bd2 Qxc2 26. Rc1 Qg6 27. Rxb7 Qe6
28. Qb5 Nf6 29. Rxc8+ Rxc8 30. a6 e4 31. Nxd4 e3 32. Nxe6 exd2 33. Qf1 Rc1 34.
a7 Rxf1+ 35. Kxf1 d1=Q+ 36. Kf2 Qd2+ 37. Kg3 Bd6+ 38. Kh3 Qa5 39. Rb8+ Kh7 40.
Nf8+ Bxf8 41. a8=Q Qh5+ 42. Kg3 Bd6+ 43. Kf2 Bxb8 44. Qxb8 Qc5+ 45. Kf1 Qc1+ 46.
Kf2 Qd2+ 47. Kf1 Nd5 48. Qg3 Qxb2 49. Qe1 Qc2 50. Kg1 Nf4 51. Qf1 Qe2 52. Qb1+
Nd3 0-1

[Event "TCh-GEO Club 2016"]
[Site "Lagodekhi GEO"]
[Date "2016.09.22"]
[Round "1.2"]
[Board "1"]
[White "Gelashvili, Tamaz"]
[Black "Baghdasaryan, Vahe"]
[Result "1-0"]
[WhiteTitle "GM"]
[BlackTitle "IM"]
[WhiteElo "2575"]
[BlackElo "2492"]
[WhiteTeam "Kvemo Kartli - Rustavi"]
[BlackTeam "Samegrelo-Zemo Svaneti - Samegrelo"]
[WhiteFideId "13600702"]
[BlackFideId "13303139"]
[EventDate "2016.09.22"]

1. d4 d5 2. Nf3 Nf6 3. Bf4 c5 4. e3 Nc6 5. c3 Qb6 6. Qc1 Bg4 7. Nbd2 Nh5 8. dxc5
Qxc5 9. b4 Qb6 10. b5 Na5 11. Be5 f6 12. Bd4 Qc7 13. b6 axb6 14. Qb2 e5 15. Bxb6
Qd6 16. h3 Bxf3 17. Nxf3 g6 18. Rd1 e4 19. Nd2 Qe6 20. Qb5+ Nc6 21. Nb3 Qe5 22.
Bd4 Qd6 23. Bc5 Qe6 24. Be2 Rxa2 25. O-O Kf7 26. Qxb7+ Be7 27. Bb5 Na5 28. Nxa5
Rxa5 29. Bxe7 Qxe7 30. Qxd5+ Kg7 31. g4 Qe5 32. Qd7+ Kh6 33. Rd5 Qb8 34. gxh5
Rg8 35. Bc4 Ra7 36. Qe6 1-0

[Event "TCh-GEO Club 2016"]
[Site "Lagodekhi GEO"]
[Date "2016.09.22"]
[Round "1.2"]
[Board "2"]
[White "Quparadze, Giga"]
[Black "Sanikidze, Tornike"]
[Result "1/2-1/2"]
[WhiteTitle "IM"]
[BlackTitle "GM"]
[WhiteElo "2482"]
[BlackElo "2497"]
[WhiteTeam "Samegrelo-Zemo Svaneti - Samegrelo"]
[BlackTeam "Kvemo Kartli - Rustavi"]
[WhiteFideId "13602250"]
[BlackFideId "13602608"]
[EventDate "2016.09.22"]

1. e4 e5 2. f4 d5 3. exd5 e4 4. Nc3 Nf6 5. d3 Bb4 6. Bd2 e3 7. Bxe3 Nxd5 8. Bd2
Bxc3 9. bxc3 O-O 10. Nf3 Qf6 11. c4 Nxf4 12. Bxf4 Qxf4 13. Be2 Nc6 14. Qd2 Qxd2+
15. Kxd2 Bd7 16. Rhf1 Rad8 17. Rf2 Rfe8 18. Kc3 b6 19. Nd2 Nd4 20. Bh5 Re7 21.
Raf1 Be8 22. Nb3 c5 23. Nxd4 cxd4+ 24. Kd2 b5 25. cxb5 Rd5 26. Re2 Rxe2+ 27.
Bxe2 Rxb5 28. Rf4 Rb4 29. Bf3 g5 30. Rf5 Rb5 31. Bd5 Kf8 32. c4 dxc3+ 33. Kxc3
h6 34. Kd4 Rb6 35. Rf2 Ke7 36. Re2+ Kd8 37. Bc4 f6 38. Rf2 Bd7 39. g3 Ke7 40.
Re2+ Kd6 41. Bb3 Rb4+ 42. Kc3 Rb8 43. Re4 f5 44. Rd4+ Ke7 45. Rd5 Rf8 46. Re5+
Kd6 47. Ra5 f4 48. Ra6+ Ke7 49. gxf4 gxf4 50. Rxa7 f3 51. Ba4 f2 52. Bxd7 Ra8
53. Rb7 Rb8 54. Ra7 Ra8 55. Rb7 1/2-1/2

[Event "TCh-GEO Club 2016"]
[Site "Lagodekhi GEO"]
[Date "2016.09.22"]
[Round "1.2"]
[Board "3"]
[White "Paichadze, Luka"]
[Black "Morchiashvili, Bachana"]
[Result "1/2-1/2"]
[WhiteTitle "GM"]
[BlackTitle "IM"]
[WhiteElo "2559"]
[BlackElo "2371"]
[WhiteTeam "Kvemo Kartli - Rustavi"]
[BlackTeam "Samegrelo-Zemo Svaneti - Samegrelo"]
[WhiteFideId "13602934"]
[BlackFideId "13602535"]
[EventDate "2016.09.22"]

1. e4 c5 2. Nf3 e6 3. c3 d5 4. e5 d4 5. Bd3 Bd7 6. Be4 Bc6 7. Qe2 Ne7 8. d3 Bxe4
9. Qxe4 Nbc6 10. cxd4 cxd4 11. Nbd2 Ng6 12. O-O Qd5 13. Qxd5 exd5 14. Nb3 Kd7
15. Nbxd4 Nxd4 16. Nxd4 Nxe5 17. Rd1 g6 18. Nb3 b6 19. a4 Nc6 20. a5 Bg7 21. Kf1
Nd4 22. Nxd4 Bxd4 23. Ra4 Bg7 24. axb6 axb6 25. Rb4 Ra1 26. Ke2 Re8+ 27. Be3 Ra2
28. Kf3 Rxb2 29. Rxb2 Bxb2 30. Rb1 Be5 31. Rxb6 Rb8 1/2-1/2

[Event "TCh-GEO Club 2016"]
[Site "Lagodekhi GEO"]
[Date "2016.09.22"]
[Round "1.2"]
[Board "4"]
[White "Lomineishvili, Maia"]
[Black "Khurtsidze, Nino"]
[Result "1/2-1/2"]
[WhiteTitle "IM"]
[BlackTitle "IM"]
[WhiteElo "2321"]
[BlackElo "2398"]
[WhiteTeam "Samegrelo-Zemo Svaneti - Samegrelo"]
[BlackTeam "Kvemo Kartli - Rustavi"]
[WhiteFideId "13600656"]
[BlackFideId "13600320"]
[EventDate "2016.09.22"]

1. d4 Nf6 2. c4 e6 3. Nf3 b6 4. e3 Bb7 5. Nc3 Bb4 6. Bd3 O-O 7. O-O d5 8. cxd5
exd5 9. a3 Bd6 10. b4 Nbd7 11. Qb3 Re8 12. a4 c6 13. e4 dxe4 14. Ng5 Qe7 15.
Ncxe4 Nxe4 16. Nxe4 Bxb4 17. Ng5 Nf6 18. Nxf7 Qxf7 19. Qxb4 Kh8 20. a5 c5 21.
Qb2 Qd5 22. f3 c4 23. Bb1 b5 24. a6 Bc6 25. Bf4 b4 26. Be5 Rab8 27. Be4 Nxe4 28.
fxe4 Qxe4 29. Rae1 Qg6 30. Bxb8 Rxb8 31. Rf2 h6 32. d5 Bxd5 33. Qd4 Qc6 34. Re7
Rg8 35. Rxa7 c3 36. Rf8 Qg6 37. Rxg8+ Bxg8 38. Rc7 Qb1+ 39. Kf2 Qc2+ 40. Kg1
Qb1+ 41. Kf2 Qf5+ 42. Kg1 1/2-1/2

[Event "TCh-GEO Club 2016"]
[Site "Lagodekhi GEO"]
[Date "2016.09.22"]
[Round "1.2"]
[Board "5"]
[White "Bortnyk, Olexandr"]
[Black "Ghvamberia, Nika"]
[Result "1-0"]
[WhiteTitle "GM"]
[WhiteElo "2588"]
[BlackElo "2297"]
[WhiteTeam "Kvemo Kartli - Rustavi"]
[BlackTeam "Samegrelo-Zemo Svaneti - Samegrelo"]
[WhiteFideId "14120828"]
[BlackFideId "13602128"]
[EventDate "2016.09.22"]

1. e4 c5 2. Nf3 e6 3. Nc3 a6 4. g3 Nc6 5. Bg2 Nf6 6. O-O d6 7. d3 Be7 8. Ng5 h6
9. Nh3 Qc7 10. f4 Bd7 11. f5 Ne5 12. Nf4 O-O 13. h4 exf5 14. Nfd5 Qd8 15. exf5
Bc6 16. Bf4 Neg4 17. d4 Nxd5 18. Nxd5 Nf6 19. Nxe7+ Qxe7 20. d5 Bb5 21. Re1 Qc7
22. g4 Rfe8 23. Bf3 Rxe1+ 24. Qxe1 Re8 25. Qd2 Qe7 26. g5 Ne4 27. Qg2 hxg5 28.
hxg5 Bc4 29. Re1 Bxd5 30. f6 Qd7 31. Bxe4 Rxe4 32. Rxe4 Qc6 33. g6 gxf6 34. Qh3 1-0

[Event "TCh-GEO Club 2016"]
[Site "Lagodekhi GEO"]
[Date "2016.09.22"]
[Round "1.2"]
[Board "6"]
[White "Gaboyan, Susanna"]
[Black "Shamatava, Ana"]
[Result "1/2-1/2"]
[WhiteElo "2126"]
[BlackElo "2066"]
[WhiteTeam "Samegrelo-Zemo Svaneti - Samegrelo"]
[BlackTeam "Kvemo Kartli - Rustavi"]
[WhiteFideId "13303627"]
[BlackFideId "13601008"]
[EventDate "2016.09.22"]

1. d4 Nf6 2. Nf3 e6 3. e3 c5 4. c4 d5 5. cxd5 exd5 6. Bb5+ Bd7 7. Bxd7+ Nbxd7 8.
dxc5 Nxc5 9. O-O Be7 10. b3 O-O 11. Bb2 Qb6 12. Nc3 Rfd8 13. Qd4 Qa6 14. Rfd1
Nce4 15. Qe5 Bd6 16. Qf5 g6 17. Qh3 Ba3 18. Bxa3 Qxa3 19. Nxe4 Nxe4 20. Qh4 Rac8
21. Ng5 Nxg5 22. Qxg5 Qb2 23. Qh4 Rd6 24. Qd4 Qxd4 25. Rxd4 Rc2 26. a4 Rb2 27.
Rad1 Rf6 28. R4d2 Rxb3 29. Rxd5 Rb2 30. f3 Rc6 31. R5d2 Rxd2 1/2-1/2

[Event "TCh-GEO Club 2016"]
[Site "Lagodekhi GEO"]
[Date "2016.09.22"]
[Round "1.3"]
[Board "2"]
[White "Khakhutashvili, Alexandre"]
[Black "Petriashvili, Nikoloz"]
[Result "0-1"]
[WhiteElo "1796"]
[BlackElo "2167"]
[WhiteTeam "Shida kartli - Gori"]
[BlackTeam "Racha-Lechkhumi - Ambrolauri"]
[WhiteFideId "13605313"]
[BlackFideId "13611216"]
[EventDate "2016.09.22"]

1. c4 c5 2. Nc3 Nc6 3. g3 g6 4. Bg2 Bg7 5. d3 d6 6. e4 e5 7. Nge2 Nge7 8. O-O
O-O 9. Be3 Nd4 10. Qd2 f5 11. Bh6 Bxh6 12. Qxh6 fxe4 13. Nxd4 cxd4 14. Nxe4 Nf5
15. Qg5 Bd7 16. Qxd8 Raxd8 17. b4 h6 18. a4 a5 19. Rfb1 Bc6 20. b5 Bxe4 21. Bxe4
b6 22. Rf1 Kg7 23. Ra2 Ne7 24. Kg2 Ng8 25. f3 g5 26. Raf2 h5 27. h3 Nf6 28. Bc6
h4 29. g4 Ng8 30. Rc2 Ne7 31. Be4 Rc8 32. Rfc1 Rc5 33. Bb7 Rb8 34. Bc6 Rc8 35.
Rb2 d5 36. Rbc2 Nxc6 37. bxc6 R8xc6 38. Kf2 dxc4 39. dxc4 0-1

[Event "TCh-GEO Club 2016"]
[Site "Lagodekhi GEO"]
[Date "2016.09.22"]
[Round "1.3"]
[Board "3"]
[White "Kacharava, Nikolozi"]
[Black "Licheli, Luka"]
[Result "1/2-1/2"]
[WhiteTitle "FM"]
[WhiteElo "2085"]
[BlackElo "2042"]
[WhiteTeam "Racha-Lechkhumi - Ambrolauri"]
[BlackTeam "Shida kartli - Gori"]
[WhiteFideId "13611860"]
[BlackFideId "13602500"]
[EventDate "2016.09.22"]

1. e4 c6 2. Nc3 d5 3. Nf3 Bg4 4. h3 Bxf3 5. Qxf3 e6 6. Be2 Nf6 7. O-O Nbd7 8. d4
Qb6 9. e5 Ng8 10. Qd3 Ne7 11. Na4 Qc7 12. b3 b5 13. Nb2 Nf5 14. Bg4 g6 15. Bxf5
gxf5 16. c4 bxc4 17. bxc4 Bg7 18. Qg3 Rg8 19. cxd5 cxd5 20. Bh6 Nf6 21. Bxg7 Ne4
22. Qb3 Rxg7 23. Rfc1 Qe7 24. Qc2 Rd8 25. Nd3 Qh4 26. Kh2 f4 27. f3 Qg3+ 28. Kh1
Nc3 29. Qd2 Na4 30. Rc2 Nb6 31. Qf2 Qxf2 32. Rxf2 Rc8 33. Nxf4 Ke7 34. Rd2 Rc4
35. Nh5 Rg8 36. Nf6 Rh8 37. Rdd1 h6 38. h4 Rhc8 39. Rd2 Rb4 40. h5 a5 41. Ng4 a4
42. Nxh6 Rh8 43. Ng4 Rxh5+ 44. Kg1 Rh8 45. Rc2 Nc4 46. Kf2 Rhb8 47. Re1 a3 48.
Ne3 Rb2 49. Ree2 Rxc2 50. Rxc2 Rb2 51. Re2 Nd2 52. Ke1 Nb3 53. Nd1 Rxe2+ 54.
Kxe2 Nxd4+ 55. Kd2 Nc6 56. f4 f6 57. exf6+ Kxf6 58. g4 d4 59. Kd3 Nb4+ 60. Kxd4
Nxa2 61. f5 Nb4 62. Nc3 e5+ 63. Ke4 Nc6 64. Kd5 Nb4+ 65. Ke4 1/2-1/2

[Event "TCh-GEO Club 2016"]
[Site "Lagodekhi GEO"]
[Date "2016.09.22"]
[Round "1.3"]
[Board "4"]
[White "Kasoshvili, Tsiala"]
[Black "Gavasheli, Ana"]
[Result "1/2-1/2"]
[WhiteTitle "WIM"]
[BlackTitle "WIM"]
[WhiteElo "2106"]
[BlackElo "2198"]
[WhiteTeam "Shida kartli - Gori"]
[BlackTeam "Racha-Lechkhumi - Ambrolauri"]
[WhiteFideId "13600354"]
[BlackFideId "13602586"]
[EventDate "2016.09.22"]

1. c4 c5 2. Nc3 g6 3. g3 Bg7 4. Bg2 Nc6 5. e4 d6 6. Nge2 e6 7. O-O Nge7 8. d3
O-O 9. Rb1 h6 10. a3 Nd4 11. b4 Nxe2+ 12. Nxe2 cxb4 13. axb4 d5 14. Bb2 Bxb2 15.
Rxb2 dxc4 16. dxc4 Qxd1 17. Rxd1 e5 18. Nc3 Nc6 19. Nd5 Nd4 20. Ra1 Be6 21. f4
a6 22. Ra5 Kg7 23. Nb6 Nc6 24. Rc5 Rad8 25. b5 Rd1+ 26. Kf2 axb5 27. cxb5 Na5
28. Nd5 f6 29. Nc7 Bf7 30. b6 Nc4 31. Rc2 Nxb6 32. Ke2 Rd7 33. fxe5 fxe5 34. Bh3
Re7 35. Rb5 Bc4+ 36. Rxc4 Nxc4 37. Ne6+ Rxe6 38. Bxe6 Nd6 39. Rb6 Nxe4 40. Rxb7+
Kf6 41. Rb6 Ke7 42. Ke3 Nd6 43. Bd5 Rf1 44. Ra6 Rb1 45. g4 Rd1 46. Bf3 Rd4 47.
Be2 Rb4 48. h4 Ke6 49. h5 g5 50. Ra8 Rb3+ 51. Kd2 Ne4+ 52. Kc2 Rc3+ 53. Kb2 Rg3
54. Bc4+ Kd6 55. Ra6+ Kc5 56. Be6 Nd2 57. Ra5+ Kd6 58. Ra6+ Ke7 59. Kc2 Ne4 60.
Bf5 Rg2+ 61. Kd1 Nf2+ 62. Ke1 Nxg4 63. Bxg4 Rxg4 64. Rxh6 Rh4 65. Kf2 Rf4+ 66.
Ke3 Rf6 67. Rh8 Rf4 68. Rh6 Kf7 69. Rg6 g4 70. Ra6 Rf6 71. Ra4 Rf3+ 72. Ke2 Rf4
73. Ra6 Rf6 74. Ra4 Rf4 75. Ra6 Rf5 76. Rg6 Rf4 77. Ra6 Kg7 78. Re6 Rf5 79. Rg6+
Kf7 80. Rxg4 Rxh5 81. Ke3 Kf6 82. Rg8 Rh3+ 83. Ke4 Rh4+ 1/2-1/2

[Event "TCh-GEO Club 2016"]
[Site "Lagodekhi GEO"]
[Date "2016.09.22"]
[Round "1.3"]
[Board "5"]
[White "Metreveli, Lekso"]
[Black "Karelidze, Vakhtang"]
[Result "0-1"]
[WhiteElo "1655"]
[BlackElo "1942"]
[WhiteTeam "Racha-Lechkhumi - Ambrolauri"]
[BlackTeam "Shida kartli - Gori"]
[WhiteFideId "13618130"]
[BlackFideId "13613219"]
[EventDate "2016.09.22"]

1. d4 Nf6 2. c4 e6 3. Nf3 Bb4+ 4. Bd2 Qe7 5. e3 O-O 6. Bxb4 Qxb4+ 7. Qd2 Qxd2+
8. Nfxd2 d6 9. Nc3 a6 10. Be2 Nc6 11. O-O e5 12. d5 Ne7 13. e4 Ng6 14. g3 Bh3
15. Rfe1 Nd7 16. Nf3 h6 17. Kh1 Bg4 18. h3 Bxf3+ 19. Bxf3 Ne7 20. Rad1 g6 21. g4
g5 22. Ne2 Rfe8 23. Ng3 Kh7 24. Re3 b6 25. Rd2 a5 26. a4 Ng6 27. Nf5 Nh4 28.
Nxh4 gxh4 29. Bg2 Kg6 30. Kh2 Nc5 31. b3 Rg8 32. Rde2 Kf6 33. Rd2 Rg6 34. Rde2
Rag8 35. Rd2 Kg5 36. Rde2 Rf6 37. f3 h5 38. Rd2 Rf4 39. Rc2 Rg6 40. Rc1 hxg4 41.
hxg4 Rff6 42. Bh3 Kf4 43. Rec3 Rg8 44. Rg1 Rfg6 45. Rf1 Rg5 46. Re1 Rc8 47. Re2
c6 48. Rce3 cxd5 49. exd5 Re8 50. Bg2 Rg7 51. Bh3 f6 52. Re1 Rge7 53. R1e2 e4
54. Bg2 Re5 55. fxe4 Kxg4 56. Rf2 Kg5 57. Bh3 Nxe4 58. Rg2+ Ng3 59. Rxe5+ Rxe5 0-1

[Event "TCh-GEO Club 2016"]
[Site "Lagodekhi GEO"]
[Date "2016.09.22"]
[Round "1.3"]
[Board "6"]
[White "Koridze, Lile"]
[Black "Sidamonidze, Anastasia"]
[Result "1-0"]
[WhiteElo "1991"]
[BlackElo "1652"]
[WhiteTeam "Shida kartli - Gori"]
[BlackTeam "Racha-Lechkhumi - Ambrolauri"]
[WhiteFideId "13612514"]
[BlackFideId "13611194"]
[EventDate "2016.09.22"]

1. d4 Nf6 2. c4 g6 3. Nc3 d5 4. cxd5 Nxd5 5. Bd2 Bg7 6. e4 Nb6 7. Be3 O-O 8. Nf3
Bg4 9. Be2 Nc6 10. d5 Bxf3 11. gxf3 Na5 12. Qc2 Nac4 13. Bc1 Qd7 14. a4 Nd6 15.
Bf4 a5 16. O-O Rac8 17. Kg2 h6 18. h3 Kh8 19. Qb3 Rfd8 20. Nb5 Kg8 21. Rac1 g5
22. Bh2 Na8 23. Rfd1 f6 24. Nd4 Nb6 25. Nc6 Rf8 26. Na7 Ra8 27. Nb5 Rfc8 28.
Nxc7 Rxc7 29. Qxb6 Rxc1 30. Rxc1 Kh8 31. b3 Nc8 32. Qc7 Qxc7 33. Rxc7 b6 34. Rd7
Kh7 35. Rd8 b5 36. Bxb5 Nb6 37. Bc7 Rxd8 38. Bxd8 Nc8 39. Bxa5 1-0

[Event "TCh-GEO Club 2016"]
[Site "Lagodekhi GEO"]
[Date "2016.09.22"]
[Round "1.4"]
[Board "1"]
[White "Jojua, Davit"]
[Black "Mchedlishvili, Mikheil"]
[Result "1/2-1/2"]
[WhiteTitle "GM"]
[BlackTitle "GM"]
[WhiteElo "2590"]
[BlackElo "2609"]
[WhiteTeam "Adchara - Nona"]
[BlackTeam "Kakheti"]
[WhiteFideId "13602543"]
[BlackFideId "13600966"]
[EventDate "2016.09.22"]

1. d4 Nf6 2. c4 g6 3. Nf3 Bg7 4. Nc3 d5 5. Qb3 dxc4 6. Qxc4 O-O 7. e4 Nc6 8. Be2
e5 9. d5 Nd4 10. Nxd4 exd4 11. Qxd4 c6 12. Qd1 Re8 13. O-O Nxe4 14. Nxe4 Rxe4
15. dxc6 Rd4 16. Qb3 bxc6 17. Bc4 Qe8 18. Be3 Re4 19. Rad1 Be6 20. Bxe6 Rxe6 21.
Qc2 a5 22. Rd3 a4 23. g3 h5 24. h4 Qb8 25. b3 Qb5 26. Rfd1 Ree8 27. bxa4 Qxa4
28. Qxa4 Rxa4 29. Rd8 Rxd8 30. Rxd8+ Kh7 31. Rc8 Rxa2 32. Rxc6 1/2-1/2

[Event "TCh-GEO Club 2016"]
[Site "Lagodekhi GEO"]
[Date "2016.09.22"]
[Round "1.4"]
[Board "2"]
[White "Gagunashvili, Merab"]
[Black "Maghalashvili, Davit"]
[Result "1-0"]
[WhiteTitle "GM"]
[BlackTitle "GM"]
[WhiteElo "2586"]
[BlackElo "2490"]
[WhiteTeam "Kakheti"]
[BlackTeam "Adchara - Nona"]
[WhiteFideId "13601652"]
[BlackFideId "13602276"]
[EventDate "2016.09.22"]

1. e4 c5 2. Nf3 d6 3. c3 Nf6 4. Bd3 Bg4 5. Bc2 Nc6 6. h3 Bxf3 7. Qxf3 g6 8. Qd1
Bg7 9. O-O Nd7 10. d3 O-O 11. f4 b5 12. f5 b4 13. Bg5 bxc3 14. bxc3 Qb6 15. Qc1
Rab8 16. Kh1 Nde5 17. Na3 Qa5 18. Nb1 Qb6 19. Rd1 Qb2 20. Qxb2 Rxb2 21. Na3 gxf5
22. exf5 Nd7 23. Ba4 Rc8 24. Nc4 Rf2 25. Bxc6 Rxc6 26. Bxe7 Bxc3 27. Rab1 Bf6
28. Rb7 Bxe7 29. Rxd7 Bf8 30. Ne3 Ra6 31. Rb1 Rb6 32. Rxb6 axb6 33. a4 Bh6 34.
Ng4 Rf1+ 35. Kh2 Bg5 36. h4 Bc1 37. Kh3 Rxf5 38. Rxd6 Kg7 39. Rxb6 Rf4 40. a5
Rd4 41. Rb3 c4 42. dxc4 Rxc4 43. Ne5 Ra4 44. Nc6 Bd2 45. Rb5 Be1 46. g3 Ra3 47.
Re5 Rxg3+ 48. Kh2 Rc3 49. Rxe1 Rxc6 50. Ra1 Ra6 51. Kg3 Kg6 52. Kf4 f5 53. Ra4
Kf6 54. h5 h6 55. Ra1 Ke6 56. Re1+ Kd7 57. Re5 Rc6 58. Kxf5 Rc1 59. Kg6 Rc6+ 60.
Kf7 Rc1 61. Re7+ Kd6 62. a6 Rf1+ 63. Ke8 Ra1 64. a7 Kc6 65. Kf8 Kd6 66. Rf7 Ke5
67. Ke8 Ke6 68. Kf8 Ke5 69. Kg8 Ra2 70. Kh7 Ra6 71. Kg7 Kd5 72. Re7 Kd6 73. Kf8
Ra1 74. Ke8 Kc6 75. Rh7 Kb6 76. Rxh6+ Kxa7 77. Rf6 Kb7 78. h6 Kc7 79. Kf8 Kd7
80. h7 Rh1 81. Kg7 1-0

[Event "TCh-GEO Club 2016"]
[Site "Lagodekhi GEO"]
[Date "2016.09.22"]
[Round "1.4"]
[Board "3"]
[White "Shanava, Konstantine"]
[Black "Javakhishvili, Lela"]
[Result "1/2-1/2"]
[WhiteTitle "GM"]
[BlackTitle "IM"]
[WhiteElo "2545"]
[BlackElo "2486"]
[WhiteTeam "Adchara - Nona"]
[BlackTeam "Kakheti"]
[WhiteFideId "13601784"]
[BlackFideId "13601458"]
[EventDate "2016.09.22"]

1. e4 e5 2. Nc3 Nf6 3. g3 d5 4. exd5 Nxd5 5. Bg2 Nxc3 6. bxc3 Bc5 7. Ne2 Nc6 8.
O-O O-O 9. Rb1 Bb6 10. d3 Bg4 11. h3 Be6 12. c4 Qd7 13. Kh2 Rad8 14. Nc3 Ne7 15.
Ba3 Rfe8 16. Ne4 Qa4 17. Qc1 h6 18. Rb5 Nc6 19. Nc5 Bxc5 20. Bxc5 Bc8 21. Rb3
Qa5 22. Be3 a6 23. Qb2 e4 24. dxe4 Qh5 25. f4 Rxe4 26. Bxe4 Qxh3+ 27. Kg1 Qxg3+
28. Kh1 Qh3+ 29. Kg1 Qg3+ 30. Kh1 Qh3+ 31. Kg1 1/2-1/2